<?xml version="1.0" encoding="UTF-8"?>
<collection xmlns="http://www.loc.gov/MARC21/slim">
 <record>
  <leader>01656pamaa2200241   4500</leader>
  <controlfield tag="001">0000053819</controlfield>
  <controlfield tag="005">20160304090000.0</controlfield>
  <controlfield tag="008">160303s2006                   eng  </controlfield>
  <datafield tag="020" ind1=" " ind2=" ">
   <subfield code="a">0195680170 </subfield>
  </datafield>
  <datafield tag="020" ind1=" " ind2=" ">
   <subfield code="a">9780195680171 </subfield>
  </datafield>
  <datafield tag="040" ind1=" " ind2=" ">
   <subfield code="a">LCC</subfield>
  </datafield>
  <datafield tag="090" ind1="0" ind2="0">
   <subfield code="a">RJ48 </subfield>
   <subfield code="b">OXF 2006</subfield>
  </datafield>
  <datafield tag="245" ind1="1" ind2="0">
   <subfield code="a">Oxford handbook of paediatrics : </subfield>
   <subfield code="b">for developing countries  </subfield>
   <subfield code="c">edited Vincent C. Harrison.</subfield>
  </datafield>
  <datafield tag="246" ind1="3" ind2="0">
   <subfield code="a">Handbook paedictrics.</subfield>
  </datafield>
  <datafield tag="250" ind1=" " ind2=" ">
   <subfield code="a">6th ed.</subfield>
  </datafield>
  <datafield tag="260" ind1=" " ind2=" ">
   <subfield code="a">New Delhi: </subfield>
   <subfield code="b">Oxford University Press, </subfield>
   <subfield code="c">2006.</subfield>
  </datafield>
  <datafield tag="300" ind1=" " ind2=" ">
   <subfield code="a">xiv,590p.: </subfield>
   <subfield code="b">ill.; </subfield>
   <subfield code="c">19 cm.</subfield>
  </datafield>
  <datafield tag="501" ind1="0" ind2="0">
   <subfield code="a">An exciting new addition to the Oxford Handbook Series, the Oxford Handbook of Paediatrics provides a compact guide to all aspects of acute and chronic paediatrics. The Handbook's team of specialist contributors and editors have successfully condensed many years of clinical experience into a pocket-sized compendium of clinical problems and treatment options. Taking a 'child-centred' approach to the subject, the authors have provided comprehensive coverage of areas such as neonatology, surgery, genetics and congenital malformations and child protection in a user-friendly and succinct style. Sections are also devoted to covering the treatment of children in the community, and the psychological effects of illness on both the child and their family. With practical advice and space for personalised notes, this handbook will be invaluable to all those involved in the care of the younger patient.</subfield>
  </datafield>
  <datafield tag="504" ind1=" " ind2=" ">
   <subfield code="a">Includes bibliographical references and index</subfield>
  </datafield>
  <datafield tag="650" ind1="0" ind2="0">
   <subfield code="a">Paediatrics -- </subfield>
   <subfield code="x">handbooks </subfield>
  </datafield>
  <datafield tag="650" ind1="0" ind2="0">
   <subfield code="a">Paediatrics -- </subfield>
   <subfield code="x">handbooks,manual and etc </subfield>
  </datafield>
  <datafield tag="700" ind1="1" ind2="0">
   <subfield code="a">Harrison, V. C </subfield>
  </datafield>
  <datafield tag="856" ind1="4" ind2="0">
   <subfield code="u">www.oup.com</subfield>
  </datafield>
 </record>
</collection>
